[Event "Calgary int."]
[Site "Calgary CAN"]
[Date "2018.08.16"]
[Round "5.3"]
[White "Hambleton, Aman"]
[Black "Arruebarrena, Rafael"]
[Result "1/2-1/2"]
[WhiteElo "2497"]
[BlackElo "2256"]
[PlyCount "99"]
[EventDate "2018.08.14"]
[EventType "swiss"]
[EventRounds "9"]
[EventCountry "CAN"]
[Source "Mark Crowther"]
[SourceDate "2018.08.20"]

1. d4 Nf6 2. Bf4 d5 3. e3 e6 4. Nf3 c5 5. Nbd2 Nc6 6. c3 cxd4 7. exd4 Nh5 8.
Bg5 f6 9. Be3 Bd6 10. g3 O-O 11. Bd3 g6 12. O-O Bd7 13. Re1 Rc8 14. Nf1 a6 15.
Bh6 Rf7 16. Ne3 b5 17. a4 Na5 18. axb5 axb5 19. b4 Nc4 20. Nxc4 dxc4 21. Bf1
Ng7 22. Bxg7 Kxg7 23. Ra6 Rc6 24. Ra5 Rb6 25. Bg2 Bc7 26. Qa1 Bc6 27. Ra6 Qc8
28. Ra7 Bb8 29. Rxf7+ Kxf7 30. Qc1 Kg7 31. Qe3 Bd5 32. Nd2 Bxg2 33. Kxg2 Qb7+
34. Kg1 e5 35. dxe5 Bxe5 36. Nf3 Re6 37. Ra1 Re7 38. Nxe5 fxe5 39. Qc5 Qd7 40.
Ra6 e4 41. Rd6 Qa7 42. Qg5 Rf7 43. Qe5+ Kh6 44. Rf6 Re7 45. Qf4+ Kg7 46. Qd6 e3
47. Rf3 exf2+ 48. Kg2 Rf7 49. Rxf7+ Qxf7 50. Qd4+ 1/2-1/2

[Event "Calgary int."]
[Site "Calgary CAN"]
[Date "2018.08.17"]
[Round "6.1"]
[White "Zierk, Steven"]
[Black "Khachiyan, Melikset"]
[Result "1/2-1/2"]
[WhiteElo "2491"]
[BlackElo "2525"]
[PlyCount "60"]
[EventDate "2018.08.14"]
[EventType "swiss"]
[EventRounds "9"]
[EventCountry "CAN"]
[Source "Mark Crowther"]
[SourceDate "2018.08.20"]

1. e4 e5 2. Nf3 Nc6 3. d4 exd4 4. Nxd4 Nf6 5. Nc3 Bb4 6. Nxc6 bxc6 7. Bd3 d5 8.
exd5 Qe7+ 9. Qe2 Qxe2+ 10. Kxe2 Nxd5 11. Nxd5 cxd5 12. Bb5+ Bd7 13. Bxd7+ Kxd7
14. Be3 Rhe8 15. Rhd1 Kc6 16. c4 dxc4 17. Rd4 Ba5 18. Rc1 Re7 19. Rcxc4+ Kb7
20. Re4 Rae8 21. Kd3 Bb6 22. g4 Rd8+ 23. Ke2 Rde8 24. Kd3 Rd8+ 25. Ke2 Rde8 26.
Kf3 Re5 27. Rxe5 Rxe5 28. Bd4 Bxd4 29. Rxd4 Kc6 30. h4 h5 1/2-1/2

[Event "Calgary int."]
[Site "Calgary CAN"]
[Date "2018.08.17"]
[Round "6.2"]
[White "Arruebarrena, Rafael"]
[Black "Mikhalevski, Victor"]
[Result "0-1"]
[WhiteElo "2256"]
[BlackElo "2560"]
[PlyCount "70"]
[EventDate "2018.08.14"]
[EventType "swiss"]
[EventRounds "9"]
[EventCountry "CAN"]
[Source "Mark Crowther"]
[SourceDate "2018.08.20"]

1. e4 c5 2. Nf3 d6 3. d4 cxd4 4. Nxd4 Nf6 5. Nc3 g6 6. Be3 Bg7 7. f3 O-O 8. Qd2
Nc6 9. O-O-O d5 10. Qe1 e5 11. Nxc6 bxc6 12. exd5 Nxd5 13. Bc4 Be6 14. Kb1 Rb8
15. Ne4 Qc7 16. Bc5 Rfd8 17. g4 h6 18. Rg1 Kh8 19. Bb3 a5 20. h4 Rd7 21. h5 g5
22. Qf2 f5 23. gxf5 Bxf5 24. Ka1 Nf4 25. Rxd7 Qxd7 26. Qe3 Bh7 27. a4 Nd5 28.
Qe2 Qh3 29. Rd1 Bg8 30. Nd6 g4 31. Qa6 gxf3 32. Qxc6 f2 33. Bxf2 Rxb3 34. cxb3
Qxb3 35. Rg1 Nb4 0-1

[Event "Calgary int."]
[Site "Calgary CAN"]
[Date "2018.08.18"]
[Round "7.1"]
[White "Mikhalevski, Victor"]
[Black "Hambleton, Aman"]
[Result "1-0"]
[WhiteElo "2560"]
[BlackElo "2497"]
[PlyCount "85"]
[EventDate "2018.08.14"]
[EventType "swiss"]
[EventRounds "9"]
[EventCountry "CAN"]
[Source "Mark Crowther"]
[SourceDate "2018.08.20"]

1. g3 d5 2. Nf3 c6 3. Bg2 Bg4 4. O-O Nd7 5. h3 Bxf3 6. Bxf3 e5 7. d3 Ngf6 8.
Nd2 Bc5 9. e4 O-O 10. c3 a5 11. a4 Qc7 12. Bg2 Bb6 13. exd5 Nxd5 14. Nc4 Nc5
15. Nxe5 Qxe5 16. d4 Qc7 17. dxc5 Bxc5 18. Qg4 Rfe8 19. Bh6 Bf8 20. Rad1 Qc8
21. Qxc8 Raxc8 22. Bc1 Nb6 23. b3 Bc5 24. c4 Rcd8 25. Bf4 f6 26. h4 h5 27. Bf3
g6 28. Rd2 Bb4 29. Rxd8 Rxd8 30. Bc7 Rd3 31. Be4 Rd4 32. Bxg6 Nd7 33. Bxh5 Nc5
34. Rb1 Ne6 35. Bb6 c5 36. Rd1 f5 37. Bf3 Kg7 38. Rxd4 cxd4 39. Bxb7 Nc5 40.
Bc8 Kg6 41. h5+ Kxh5 42. Bxc5 Bxc5 43. Bxf5 1-0

[Event "Calgary int."]
[Site "Calgary CAN"]
[Date "2018.08.18"]
[Round "7.2"]
[White "Findlay, Ian"]
[Black "Zierk, Steven"]
[Result "1/2-1/2"]
[WhiteElo "2263"]
[BlackElo "2491"]
[PlyCount "68"]
[EventDate "2018.08.14"]
[EventType "swiss"]
[EventRounds "9"]
[EventCountry "CAN"]
[Source "Mark Crowther"]
[SourceDate "2018.08.20"]

1. e4 e6 2. d4 d5 3. Nd2 c5 4. exd5 exd5 5. Ngf3 Nc6 6. Bb5 Bd6 7. dxc5 Bxc5 8.
O-O Nge7 9. Nb3 Bd6 10. Bg5 O-O 11. Re1 Bg4 12. Bh4 Re8 13. c3 a6 14. Be2 Qb6
15. Bg3 Bxg3 16. hxg3 a5 17. Ng5 Bf5 18. Bd3 Bg6 19. Bxg6 hxg6 20. Qg4 Nf5 21.
Qf3 Rxe1+ 22. Rxe1 Qd8 23. Nxf7 Qf6 24. g4 Qxf7 25. gxf5 Qxf5 26. Qxf5 gxf5 27.
Nd4 Nxd4 28. cxd4 Rc8 29. Re5 Rc1+ 30. Kh2 Rc2 31. Rxd5 Rxb2 32. Rxa5 Rxf2 33.
Kg3 Rd2 34. Rxf5 Rxd4 1/2-1/2

[Event "Calgary int."]
[Site "Calgary CAN"]
[Date "2018.08.18"]
[Round "7.3"]
[White "Khachiyan, Melikset"]
[Black "Kostadinov, Georgi"]
[Result "1-0"]
[WhiteElo "2525"]
[BlackElo "2052"]
[PlyCount "81"]
[EventDate "2018.08.14"]
[EventType "swiss"]
[EventRounds "9"]
[EventCountry "CAN"]
[Source "Mark Crowther"]
[SourceDate "2018.08.20"]

1. Nf3 d5 2. g3 Nf6 3. Bg2 g6 4. O-O Bg7 5. c4 c6 6. cxd5 cxd5 7. d4 O-O 8. Ne5
b6 9. Nc3 Bb7 10. Bf4 Nbd7 11. Rc1 Rc8 12. Qa4 a6 13. Nxd7 Qxd7 14. Qxd7 Nxd7
15. Bxd5 Rxc3 16. Bxb7 Rxc1 17. Bxc1 Rd8 18. e3 e5 19. Bxa6 exd4 20. exd4 Bxd4
21. Rd1 Nc5 22. Be3 Bf6 23. Rxd8+ Bxd8 24. Bb5 Kf8 25. a4 Nb7 26. b4 Ke7 27.
Kf1 f6 28. Ke2 g5 29. Kd3 Ke6 30. Bc4+ Kd7 31. Bg8 h6 32. Kc4 Nd6+ 33. Kd5 Nb7
34. Be6+ Kc7 35. Bf5 Be7 36. Bd2 Nd8 37. b5 Nb7 38. Ke6 Bd8 39. Bb4 Kb8 40. Bd2
Nc5+ 41. Kf7 1-0

[Event "Calgary int."]
[Site "Calgary CAN"]
[Date "2018.08.18"]
[Round "8.1"]
[White "Findlay, Ian"]
[Black "Mikhalevski, Victor"]
[Result "0-1"]
[WhiteElo "2263"]
[BlackElo "2560"]
[PlyCount "52"]
[EventDate "2018.08.14"]
[EventType "swiss"]
[EventRounds "9"]
[EventCountry "CAN"]
[Source "Mark Crowther"]
[SourceDate "2018.08.20"]

1. e4 e5 2. Nf3 Nc6 3. Bb5 g6 4. d4 exd4 5. Nxd4 Bg7 6. Be3 Nf6 7. Nc3 O-O 8.
f3 Ne5 9. Nb3 c6 10. Be2 d5 11. exd5 Nxd5 12. Nxd5 cxd5 13. O-O Nc4 14. Bxc4
dxc4 15. Qxd8 Rxd8 16. Na5 Re8 17. Kf2 c3 18. b3 Bf5 19. Nxb7 Bxc2 20. Rac1
Rxe3 21. Kxe3 Re8+ 22. Kf2 Bd4+ 23. Kg3 Re2 24. Kh3 Bf5+ 25. Kg3 g5 26. f4 Be4
0-1

[Event "Calgary int."]
[Site "Calgary CAN"]
[Date "2018.08.18"]
[Round "8.2"]
[White "Arruebarrena, Rafael"]
[Black "Zierk, Steven"]
[Result "0-1"]
[WhiteElo "2256"]
[BlackElo "2491"]
[PlyCount "86"]
[EventDate "2018.08.14"]
[EventType "swiss"]
[EventRounds "9"]
[EventCountry "CAN"]
[Source "Mark Crowther"]
[SourceDate "2018.08.20"]

1. e4 e6 2. d4 d5 3. Nc3 Bb4 4. e5 c5 5. a3 Bxc3+ 6. bxc3 Qa5 7. Bd2 Qa4 8. Qg4
Kf8 9. Qd1 b6 10. dxc5 bxc5 11. c4 Ba6 12. cxd5 exd5 13. Bxa6 Qxa6 14. Ne2 Ne7
15. O-O Nd7 16. Bg5 Qc6 17. e6 fxe6 18. Nf4 Ng6 19. Nxg6+ hxg6 20. Re1 Kf7 21.
Qf3+ Nf6 22. c4 Rac8 23. Rab1 Rhe8 24. cxd5 exd5 25. Rxe8 Rxe8 26. h4 Re5 27.
Qf4 Qe6 28. Bxf6 Re1+ 29. Rxe1 Qxe1+ 30. Kh2 gxf6 31. g3 Qe5 32. Qa4 Qc7 33.
Qg4 d4 34. h5 gxh5 35. Qxh5+ Ke7 36. Qd5 Qd6 37. Qb7+ Qd7 38. Qe4+ Kd6 39. Qf4+
Kd5 40. Qxf6 d3 41. Qg5+ Kc6 42. Qf6+ Qd6 43. Qf3+ Kb6 0-1

[Event "Calgary int."]
[Site "Calgary CAN"]
[Date "2018.08.18"]
[Round "8.3"]
[White "Hambleton, Aman"]
[Black "Khachiyan, Melikset"]
[Result "1/2-1/2"]
[WhiteElo "2497"]
[BlackElo "2525"]
[PlyCount "67"]
[EventDate "2018.08.14"]
[EventType "swiss"]
[EventRounds "9"]
[EventCountry "CAN"]
[Source "Mark Crowther"]
[SourceDate "2018.08.20"]

1. d4 d5 2. Bf4 Nf6 3. e3 e6 4. Nf3 Bd6 5. Nbd2 O-O 6. Bd3 c5 7. c3 Nc6 8. Bg3
b6 9. e4 Be7 10. e5 Nh5 11. Ng5 Bxg5 12. Qxh5 g6 13. Qe2 f5 14. f4 Be7 15. Nf3
cxd4 16. Nxd4 Nxd4 17. cxd4 b5 18. O-O Qb6 19. Bf2 b4 20. Rfc1 a5 21. Qc2 Ba6
22. Bxa6 Qxa6 23. Qc6 Rfc8 24. Qxa6 Rxc1+ 25. Rxc1 Rxa6 26. Rc8+ Kf7 27. Be1
Rb6 28. b3 Ra6 29. Kf1 a4 30. Rc7 Ke8 31. Rb7 axb3 32. axb3 Ra1 33. Ke2 Ra2+
34. Kf1 1/2-1/2

[Event "Calgary int."]
[Site "Calgary CAN"]
[Date "2018.08.19"]
[Round "9.1"]
[White "Mikhalevski, Victor"]
[Black "Zhao, Ian"]
[Result "1/2-1/2"]
[WhiteElo "2560"]
[BlackElo "1981"]
[PlyCount "157"]
[EventDate "2018.08.14"]
[EventType "swiss"]
[EventRounds "9"]
[EventCountry "CAN"]
[Source "Mark Crowther"]
[SourceDate "2018.08.20"]

1. e4 e5 2. Nf3 Nc6 3. Bc4 Bc5 4. d3 Nf6 5. O-O d6 6. c3 h6 7. Nbd2 O-O 8. b4
Bb6 9. Bb3 a6 10. a4 Re8 11. Nc4 Ba7 12. Re1 Be6 13. b5 Ne7 14. Rb1 axb5 15.
axb5 Ng6 16. b6 cxb6 17. Ba4 Re7 18. Bb5 Bb8 19. Ncd2 d5 20. c4 d4 21. Nf1 Bd6
22. Ng3 Qc8 23. h3 Bxh3 24. gxh3 Qxh3 25. Qe2 Nf4 26. Qf1 Qg4 27. Nh2 Qg5 28.
Kh1 g6 29. Ne2 Ra2 30. Bxf4 exf4 31. Qh3 Kh7 32. Ra1 Rb2 33. Ra8 Qh5 34. Qxh5
Nxh5 35. Nxd4 Rxf2 36. Ndf3 Rb2 37. Raa1 Ng3+ 38. Kg1 Ne2+ 39. Kf1 Ng3+ 40. Kg1
Ne2+ 41. Rxe2 Rxe2 42. Ng4 Kg7 43. Kf1 Rb2 44. e5 Bc5 45. d4 h5 46. Nf2 Rb3 47.
Nd2 Rxb5 48. cxb5 Bxd4 49. Ra4 Bxe5 50. Nh3 Re6 51. Nf3 Bd6 52. Rd4 f6 53. Nxf4
Bxf4 54. Rxf4 Rd6 55. Re4 Rd5 56. Re7+ Kh6 57. Re6 Rxb5 58. Rxf6 Rf5 59. Rxf5
gxf5 60. Ke2 Kg6 61. Ke3 b5 62. Kf4 b4 63. Nd4 Kf6 64. Nb3 b6 65. Nd4 h4 66.
Kf3 Ke5 67. Nc6+ Kd5 68. Nxb4+ Kc4 69. Nc2 b5 70. Ne3+ Kd3 71. Nxf5 b4 72. Ne3
h3 73. Nd1 Kc2 74. Ne3+ Kd2 75. Nc4+ Ke1 76. Na5 Kd1 77. Kg3 Kc1 78. Kxh3 Kb2
79. Nc6 1/2-1/2

[Event "Calgary int."]
[Site "Calgary CAN"]
[Date "2018.08.19"]
[Round "9.3"]
[White "Khachiyan, Melikset"]
[Black "Haessel, Dale"]
[Result "1-0"]
[WhiteElo "2525"]
[BlackElo "2164"]
[PlyCount "53"]
[EventDate "2018.08.14"]
[EventType "swiss"]
[EventRounds "9"]
[EventCountry "CAN"]
[Source "Mark Crowther"]
[SourceDate "2018.08.20"]

1. e4 e5 2. Bc4 Nf6 3. d3 Nc6 4. Nf3 Bc5 5. O-O O-O 6. h3 d5 7. exd5 Nxd5 8.
Re1 Be6 9. Nbd2 Bb6 10. Ne4 f6 11. a4 a6 12. Bd2 Qd7 13. a5 Ba7 14. c3 Rad8 15.
Qb3 Qc8 16. Be3 Rfe8 17. Bxa7 Nxa7 18. Nc5 Nf4 19. Nxe6 Nxe6 20. Nxe5 fxe5 21.
Rxe5 Rd6 22. Rae1 Kf7 23. f4 g6 24. f5 gxf5 25. Rxf5+ Kg7 26. Rfe5 Nc5 27. Rxe8
1-0

[Event "Calgary int."]
[Site "Calgary CAN"]
[Date "2018.08.19"]
[Round "9.4"]
[White "Chandra, Anand Rishi"]
[Black "Hambleton, Aman"]
[Result "0-1"]
[WhiteElo "1889"]
[BlackElo "2497"]
[PlyCount "72"]
[EventDate "2018.08.14"]
[EventType "swiss"]
[EventRounds "9"]
[EventCountry "CAN"]
[Source "Mark Crowther"]
[SourceDate "2018.08.20"]

1. e4 c5 2. Nf3 e6 3. d4 cxd4 4. Nxd4 Nc6 5. Nc3 Qc7 6. Be3 a6 7. a3 b5 8. Be2
Bb7 9. Nxc6 Qxc6 10. f3 Bc5 11. Bd4 Nf6 12. O-O Qb6 13. Bxc5 Qxc5+ 14. Kh1 h5
15. Qe1 Rc8 16. Qf2 h4 17. Qxc5 Rxc5 18. Rad1 Nh5 19. f4 Ke7 20. Rd3 Nf6 21.
Bf3 Nh5 22. Be2 g5 23. Rfd1 Bc6 24. b4 Rc4 25. Rf3 Rxc3 26. Rxc3 Nxf4 27. Bf3
h3 28. g4 Ng6 29. e5 Bxf3+ 30. Rxf3 Nxe5 31. Rc3 Nxg4 32. Kg1 Nf6 33. Rc7 Nd5
34. Ra7 Rc8 35. Rd2 Rc6 36. Kf2 f5 0-1

[Event "Chess2Inspire-ch U20"]
[Site "Richmond CAN"]
[Date "2018.01.26"]
[Round "1.1"]
[White "James, Rowan"]
[Black "Yang, Brian"]
[Result "1-0"]
[WhiteElo "1853"]
[BlackElo "1496"]
[PlyCount "53"]
[EventDate "2018.01.26"]
[EventType "swiss"]
[EventRounds "5"]
[EventCountry "CAN"]

1. e4 c5 2. Nf3 e6 3. d3 Nc6 4. g3 g6 5. Bg2 Bg7 6. O-O Nge7 7. Nbd2 O-O 8. Re1
e5 9. Nb3 d6 10. c3 f5 11. exf5 Nxf5 12. Ng5 Nce7 13. f4 Qb6 14. Kh1 Nh6 15. d4
Ng4 16. dxc5 dxc5 17. Ne4 c4 18. Nbc5 Bf5 19. Qe2 exf4 20. Bxf4 Nd5 21. Qxc4
Rad8 22. Nd6 Nf2+ 23. Kg1 Nh3+ 24. Bxh3 Rxd6 25. Bxd6 Qxd6 26. Bg2 Rc8 27.
Qxd5+ 1-0

[Event "Choc des Generations"]
[Site "Montreal CAN"]
[Date "2018.04.06"]
[Round "1"]
[White "Ouellet, Maili-Jade"]
[Black "Tremblay, Rejean"]
[Result "1-0"]
[WhiteElo "2237"]
[BlackElo "2179"]
[PlyCount "91"]
[EventDate "2018.04.06"]
[EventType "schev"]
[EventRounds "5"]
[EventCountry "CAN"]

1. e4 c5 2. Ne2 Nf6 3. d3 Nc6 4. g3 d5 5. Nd2 e5 6. Bg2 dxe4 7. dxe4 Be6 8. O-O
Qd7 9. c3 Be7 10. Qc2 Bh3 11. Nc4 Bxg2 12. Kxg2 O-O 13. Bg5 Nh5 14. Rad1 Qe6
15. Bxe7 Nxe7 16. b3 Ng6 17. f3 Nf6 18. Rd6 Qe7 19. Rfd1 Rfc8 20. Ne3 b6 21.
Nf5 Qf8 22. Qd2 Ne7 23. Ne3 Ne8 24. Rd3 Nf6 25. Nc4 Ng6 26. Qg5 Qe7 27. Nd6 Rf8
28. Nf5 Qb7 29. Rd6 Ne8 30. Rd7 Qa6 31. R1d2 c4 32. h4 h6 33. Qe3 cxb3 34. axb3
Nf6 35. R7d6 Ne8 36. R6d3 Nf6 37. g4 Qb5 38. h5 Nf4+ 39. Nxf4 exf4 40. Qxf4
Qxb3 41. Nxh6+ Kh8 42. Nf5 Nh7 43. g5 g6 44. hxg6 fxg6 45. Qe5+ Nf6 46. Ne7 1-0

[Event "Choc des Generations"]
[Site "Montreal CAN"]
[Date "2018.04.06"]
[Round "1"]
[White "Yu, Zong Yang"]
[Black "Masse, Hugues"]
[Result "1/2-1/2"]
[WhiteElo "2406"]
[BlackElo "2123"]
[PlyCount "74"]
[EventDate "2018.04.06"]
[EventType "schev"]
[EventRounds "5"]
[EventCountry "CAN"]

1. d4 Nf6 2. Nf3 e6 3. Bg5 d5 4. e3 Be7 5. c4 O-O 6. Nc3 h6 7. Bh4 Ne4 8. Bxe7
Qxe7 9. Bd3 Nxc3 10. bxc3 dxc4 11. Bxc4 b6 12. O-O Bb7 13. a4 Nd7 14. Qe2 c5
15. Ba6 Bxa6 16. Qxa6 Rfc8 17. a5 Rc7 18. Rfb1 Rac8 19. h3 bxa5 20. Qxa5 cxd4
21. cxd4 Qd6 22. Qe1 Rb8 23. Rxb8+ Nxb8 24. Ra5 Nc6 25. Ra6 Qd7 26. Qa1 Nb4 27.
Ra5 Nd3 28. Ne5 Nxe5 29. Rxe5 Qc8 30. Qa4 Rc1+ 31. Kh2 Qc7 32. f4 g6 33. Ra5
Qc6 34. Qb4 Rc2 35. d5 exd5 36. Rxa7 Qc3 37. Qe7 Rxg2+ 1/2-1/2

[Event "Choc des Generations"]
[Site "Montreal CAN"]
[Date "2018.04.07"]
[Round "2"]
[White "Masse, Hugues"]
[Black "Ouellet, Maili-Jade"]
[Result "0-1"]
[WhiteElo "2123"]
[BlackElo "2237"]
[PlyCount "78"]
[EventDate "2018.04.06"]
[EventType "schev"]
[EventRounds "5"]
[EventCountry "CAN"]

1. e4 c5 2. Nf3 d6 3. d4 cxd4 4. Nxd4 Nf6 5. Nc3 a6 6. Be3 e5 7. Nb3 Be6 8. f3
Be7 9. Qd2 O-O 10. O-O-O Nbd7 11. g4 b5 12. g5 b4 13. Ne2 Ne8 14. f4 a5 15. f5
a4 16. Nbd4 exd4 17. Nxd4 b3 18. Kb1 bxc2+ 19. Nxc2 Bb3 20. axb3 axb3 21. Na3
Ne5 22. h4 Ra4 23. Rh3 Rxe4 24. Bd4 Qc8 25. Qf2 Ng4 26. Qf3 d5 27. Qxb3 Qxf5
28. Ka2 Bxa3 29. Qxa3 Nc7 30. Rf3 Qd7 31. Kb1 Ra8 32. Qb3 Ne6 33. Bc3 Ne3 34.
Rxe3 Rxe3 35. Rxd5 Qa7 36. Bc4 Rh3 37. Re5 Qa1+ 38. Kc2 Rh2+ 39. Be2 Rd8 0-1

[Event "Choc des Generations"]
[Site "Montreal CAN"]
[Date "2018.04.07"]
[Round "3"]
[White "Huang, Qiuyu"]
[Black "Sambuev, Bator"]
[Result "0-1"]
[WhiteElo "2163"]
[BlackElo "2517"]
[PlyCount "96"]
[EventDate "2018.04.06"]
[EventType "schev"]
[EventRounds "5"]
[EventCountry "CAN"]

1. e4 c5 2. Nf3 Nc6 3. d4 cxd4 4. Nxd4 Nf6 5. Nc3 d6 6. Be2 g6 7. Be3 Bg7 8.
O-O O-O 9. Kh1 d5 10. exd5 Nxd5 11. Nxd5 Nxd4 12. Bxd4 Qxd5 13. Bxg7 Qxd1 14.
Raxd1 Kxg7 15. Bf3 Be6 16. b3 Rab8 17. c4 Rfc8 18. Bd5 Bf5 19. Rfe1 Kf6 20. f3
h5 21. Kg1 Rc7 22. Kf2 a6 23. Rc1 Rd8 24. f4 b5 25. g3 Rdc8 26. Re3 e6 27. Bf3
bxc4 28. bxc4 Rxc4 29. Rxc4 Rxc4 30. a3 a5 31. h4 Rc5 32. Bd1 Ke7 33. Rb3 Be4
34. Ke3 Bd5 35. Rd3 Rb5 36. Bc2 Rb2 37. Rc3 Kd6 38. Kd4 Ra2 39. a4 Rb2 40. Rc8
Bb7 41. Rc4 Ba6 42. Rc3 Rb4+ 43. Ke3 Bb7 44. Rb3 Rxb3+ 45. Bxb3 Kc5 46. Bd1 Bc6
47. Bc2 Kb4 48. Kd4 Bxa4 0-1

[Event "Choc des Generations"]
[Site "Montreal CAN"]
[Date "2018.04.07"]
[Round "3"]
[White "Tremblay, Rejean"]
[Black "Yu, Zong Yang"]
[Result "0-1"]
[WhiteElo "2179"]
[BlackElo "2406"]
[PlyCount "52"]
[EventDate "2018.04.06"]
[EventType "schev"]
[EventRounds "5"]
[EventCountry "CAN"]

1. e4 c6 2. Nc3 d5 3. Nf3 Bg4 4. h3 Bxf3 5. Qxf3 Nf6 6. exd5 cxd5 7. Bb5+ Nc6
8. O-O e6 9. Re1 Be7 10. Bxc6+ bxc6 11. b3 O-O 12. Bb2 Nd7 13. d4 Bf6 14. Na4
Re8 15. Rad1 Qa5 16. Bc3 Qb5 17. Re3 Rac8 18. Rd2 Bg5 19. Qg3 Bxe3 20. fxe3 Qb8
21. Qf3 f6 22. e4 Kh8 23. Rf2 e5 24. exd5 exd4 25. dxc6 Ne5 26. Bxd4 Nxf3+ 0-1

[Event "Choc des Generations"]
[Site "Montreal CAN"]
[Date "2018.04.08"]
[Round "4"]
[White "Masse, Hugues"]
[Black "Huang, Qiuyu"]
[Result "1/2-1/2"]
[WhiteElo "2123"]
[BlackElo "2163"]
[PlyCount "101"]
[EventDate "2018.04.06"]
[EventType "schev"]
[EventRounds "5"]
[EventCountry "CAN"]

1. e4 c5 2. Nf3 Nc6 3. d4 cxd4 4. Nxd4 g6 5. c4 Bg7 6. Be3 Nf6 7. Nc3 d6 8. Be2
O-O 9. O-O Bd7 10. f3 Nxd4 11. Bxd4 a5 12. a3 a4 13. c5 dxc5 14. Bxc5 Bc6 15.
Qxd8 Rfxd8 16. Rfd1 e6 17. Bb6 Rxd1+ 18. Rxd1 Nd7 19. Bf2 Be5 20. Bb5 Bxb5 21.
Nxb5 Nf6 22. Nc3 b5 23. Bc5 Bxc3 24. bxc3 Rc8 25. Bb4 Kg7 26. Kf2 Rc7 27. Rd8
Nd7 28. g4 g5 29. Bd6 Rb7 30. e5 h6 31. Ke3 f6 32. exf6+ Kxf6 33. Rh8 Ne5 34.
Bxe5+ Kxe5 35. Rxh6 Rc7 36. Kd3 Rf7 37. Ke2 Rc7 38. Kd2 Rf7 39. Rg6 Rxf3 40.
Rxg5+ Ke4 41. Rxb5 Rf2+ 42. Kd1 Rxh2 43. Rb4+ Kd3 44. Rd4+ Kxc3 45. Rxa4 Kd3
46. Ke1 e5 47. Rb4 Ke3 48. Rb3+ Kf4 49. a4 Ra2 50. g5 Kxg5 51. Rb4 1/2-1/2

[Event "Choc des Generations"]
[Site "Montreal CAN"]
[Date "2018.04.08"]
[Round "4"]
[White "Sambuev, Bator"]
[Black "Yu, Zong Yang"]
[Result "1-0"]
[WhiteElo "2517"]
[BlackElo "2406"]
[PlyCount "69"]
[EventDate "2018.04.06"]
[EventType "schev"]
[EventRounds "5"]
[EventCountry "CAN"]

1. d4 Nf6 2. Nf3 e6 3. e3 b6 4. Bd3 Bb7 5. O-O d5 6. b3 Bd6 7. Bb2 O-O 8. c4
Nbd7 9. Nc3 a6 10. a3 c5 11. cxd5 cxd4 12. Nxd4 Nxd5 13. Nxd5 Bxd5 14. e4 Bb7
15. Qe2 Nc5 16. Bc2 Be5 17. Rad1 Qc7 18. g3 Rad8 19. Rd2 Bf6 20. b4 e5 21. bxc5
exd4 22. cxb6 Qxb6 23. Bd3 Rfe8 24. Bc1 Qe6 25. f3 Rd7 26. Rb2 Qe7 27. Rb3 Qe6
28. Qb2 Qe7 29. Bd2 g5 30. Rb6 Bg7 31. Qb4 g4 32. fxg4 Bxe4 33. Re1 Bxd3 34.
Rxe7 Rdxe7 35. Qxe7 1-0

[Event "Choc des Generations"]
[Site "Montreal CAN"]
[Date "2018.04.08"]
[Round "5"]
[White "Ouellet, Maili-Jade"]
[Black "Sambuev, Bator"]
[Result "0-1"]
[WhiteElo "2237"]
[BlackElo "2517"]
[PlyCount "66"]
[EventDate "2018.04.06"]
[EventType "schev"]
[EventRounds "5"]
[EventCountry "CAN"]

1. d4 g6 2. c4 Bg7 3. e4 d6 4. f4 Nc6 5. Nf3 Bg4 6. Be3 Bxf3 7. gxf3 e5 8. fxe5
dxe5 9. d5 Nd4 10. Bg2 c5 11. Qa4+ Kf8 12. Nc3 a6 13. Qd1 Bh6 14. Bf2 Nf6 15.
Kf1 Kg7 16. a3 Qd6 17. Rb1 Nh5 18. b4 b6 19. Na4 Rab8 20. Rb2 Nf4 21. Rg1 Rhc8
22. Be3 Nh5 23. Bf2 cxb4 24. Bxd4 Rxc4 25. Bxb6 Rc1 26. Qxc1 Bxc1 27. Rxb4 a5
28. Rb3 Bxa3 29. Bh3 Nf4 30. Bg2 Bb4 31. Be3 Qa6+ 32. Kf2 Qe2+ 33. Kg3 Be1+ 0-1

[Event "Choc des Generations"]
[Site "Montreal CAN"]
[Date "2018.04.08"]
[Round "5"]
[White "Tremblay, Rejean"]
[Black "Huang, Qiuyu"]
[Result "1-0"]
[WhiteElo "2179"]
[BlackElo "2163"]
[PlyCount "81"]
[EventDate "2018.04.06"]
[EventType "schev"]
[EventRounds "5"]
[EventCountry "CAN"]

1. d4 d5 2. c4 e6 3. Nc3 Nf6 4. cxd5 exd5 5. Bg5 c6 6. Qc2 Be7 7. e3 Nbd7 8.
Bd3 h6 9. Bh4 Nh5 10. Bxe7 Qxe7 11. Nge2 Nb6 12. O-O-O Be6 13. h3 O-O-O 14. g4
Nf6 15. f3 Kb8 16. e4 c5 17. e5 Nfd7 18. f4 c4 19. Bf5 Bxf5 20. gxf5 Ka8 21.
Rdg1 Rhg8 22. Rg3 Nb8 23. Rhg1 Qf8 24. Qd2 Nc6 25. f6 g6 26. Kb1 Rh8 27. h4 Nc8
28. h5 gxh5 29. Rg7 a6 30. f5 b5 31. Qf4 Nb6 32. e6 Rd6 33. e7 Qb8 34. Rg8 Rxg8
35. Rxg8 Qxg8 36. Qxd6 Qc8 37. Kc1 Kb7 38. Nxd5 Na8 39. Nef4 h4 40. Ne6 fxe6
41. f7 1-0

[Event "Contrecoeur-A"]
[Site "Contrecoeur CAN"]
[Date "2018.11.02"]
[Round "1.4"]
[White "Turcotte, Jonathan"]
[Black "Huang, Qiuyu"]
[Result "1/2-1/2"]
[WhiteElo "2053"]
[BlackElo "2247"]
[PlyCount "89"]
[EventDate "2018.11.02"]
[EventType "swiss"]
[EventRounds "5"]
[EventCountry "CAN"]

1. d4 d5 2. c4 e6 3. Nf3 Nf6 4. Nc3 Bb4 5. cxd5 exd5 6. Bg5 Nbd7 7. Rc1 c6 8.
a3 Be7 9. e3 h6 10. Bf4 O-O 11. h3 Nb6 12. Qc2 Nh5 13. Bh2 g6 14. Bd3 Ng7 15.
Bf4 h5 16. Bh6 Bf6 17. Ne5 Nd7 18. Nf3 Re8 19. O-O Nb6 20. Rfd1 Bf5 21. e4 dxe4
22. Nxe4 Bxe4 23. Bxe4 Nd5 24. Re1 Kh7 25. Bd2 Ne6 26. Bc3 Ng5 27. Ne5 Nxe4 28.
Rxe4 Qc7 29. b4 Bg7 30. Rce1 Nxc3 31. Qxc3 f6 32. Nf3 Rxe4 33. Rxe4 Qd7 34. Qe3
Bf8 35. Re6 Kg7 36. g4 hxg4 37. hxg4 Kf7 38. Re4 g5 39. Nd2 Bd6 40. Qb3+ Kg7
41. Qe6 Rd8 42. Nc4 Bc7 43. Qe7+ Kg6 44. Ne3 Bd6 45. Qxd7 1/2-1/2

[Event "Contrecoeur-A"]
[Site "Contrecoeur CAN"]
[Date "2018.11.03"]
[Round "2.3"]
[White "Huang, Qiuyu"]
[Black "Gauthier, Denis"]
[Result "1-0"]
[WhiteElo "2247"]
[BlackElo "1857"]
[PlyCount "123"]
[EventDate "2018.11.02"]
[EventType "swiss"]
[EventRounds "5"]
[EventCountry "CAN"]

1. e4 c6 2. d4 d5 3. exd5 cxd5 4. Bd3 Nc6 5. c3 Nf6 6. Bf4 Bg4 7. Qb3 Qd7 8.
Nd2 e6 9. Ngf3 Bd6 10. Be5 Bxf3 11. Nxf3 Bxe5 12. Nxe5 Qc7 13. f4 O-O 14. O-O
Rac8 15. Rae1 Na5 16. Qc2 Nc4 17. Rf3 Nd6 18. Rh3 Nfe4 19. Qe2 g6 20. g4 f6 21.
Nf3 Rce8 22. c4 b6 23. b4 Nc3 24. Qc2 Nde4 25. Nd2 Qxf4 26. Nxe4 Nxe4 27. Bxe4
dxe4 28. Rxe4 Qg5 29. Rg3 Rf7 30. d5 e5 31. Re1 Qf4 32. Qe4 Qd2 33. c5 bxc5 34.
bxc5 f5 35. gxf5 Rxf5 36. Rg2 Qc3 37. Rc2 Qh3 38. Qg2 Qh4 39. Re4 Qh5 40. Qe2
Qh3 41. Re3 Rf1+ 42. Qxf1 Qxe3+ 43. Qf2 Qd3 44. Qd2 Qf3 45. d6 Rf8 46. Qe2 Qd5
47. Qc4 Qxc4 48. Rxc4 Kf7 49. Ra4 Ra8 50. Rb4 Ke6 51. Rb7 Rc8 52. Re7+ Kd5 53.
Rc7 Rd8 54. d7 g5 55. c6 Kd6 56. Rc8 Ke7 57. Rxd8 Kxd8 58. Kf2 h5 59. Ke3 g4
60. Ke4 h4 61. Kxe5 Ke7 62. Kf4 1-0